Geography Multi-select #43 - Statistics

General Stats
  • This quiz has been taken 15 times
  • The average score is 50 of 90
Answer Stats
Question Tile Select % Correct
JetPunk sovereign states that share a land border with Argentina. Chile Yes
86%
JetPunk sovereign states that share a land border with Argentina. Ecuador No
86%
JetPunk sovereign states with at least one national capital (of any type, including de facto) whose name begins with “D.” South Sudan No
86%
JetPunk sovereign states with a coastline on the Mediterranean Sea. Bosnia and Herzegovina Yes
79%
five most populous municipalities in Louisiana (2020). Bossier City No
79%
JetPunk sovereign states that share a land border with Argentina. Brazil Yes
79%
JetPunk sovereign states with a coastline on the Mediterranean Sea. Croatia Yes
79%
JetPunk sovereign states that share a land border with Argentina. Guyana No
79%
JetPunk sovereign states with at least one national capital (of any type, including de facto) whose name begins with “D.” Ireland Yes
79%
JetPunk sovereign states with a coastline on the Mediterranean Sea. Jordan No
79%
U.S. states that share a land border with Minnesota. Missouri No
79%
JetPunk sovereign states with a coastline on the Mediterranean Sea. Montenegro Yes
79%
U.S. states that share a land border with Minnesota. Nebraska No
79%
five most populous municipalities in Louisiana (2020). New Orleans Yes
79%
JetPunk sovereign states with a coastline on the Arabian Sea. Oman Yes
79%
JetPunk sovereign states with a coastline on the Arabian Sea. Pakistan Yes
79%
JetPunk sovereign states that share a land border with Argentina. Peru No
79%
JetPunk sovereign states with at least one national capital (of any type, including de facto) whose name begins with “D.” Peru No
79%
National Historic Landmarks currently located in Kansas. Procter & Gamble Headquarters No
79%
JetPunk sovereign states with a coastline on the Mediterranean Sea. Sudan No
79%
JetPunk sovereign states that share a land border with Argentina. Suriname No
79%
JetPunk sovereign states that share a land border with Argentina. Uruguay Yes
79%
U.S. states that share a land border with Minnesota. Wisconsin Yes
79%
JetPunk sovereign states with a coastline on the Mediterranean Sea. Algeria Yes
71%
JetPunk sovereign states with at least one national capital (of any type, including de facto) whose name begins with “D.” Bahamas No
71%
five most populous municipalities in Louisiana (2020). Baton Rouge Yes
71%
JetPunk sovereign states with at least one national capital (of any type, including de facto) whose name begins with “D.” Cambodia No
71%
JetPunk sovereign states with a coastline on the Arabian Sea. Djibouti No
71%
five most populous cities in Botswana (2022). Gaborone Yes
71%
JetPunk sovereign states with a coastline on the Mediterranean Sea. Kosovo No
71%
U.S. states that share a land border with Minnesota. North Dakota Yes
71%
JetPunk sovereign states that share a land border with Argentina. Paraguay Yes
71%
JetPunk sovereign states with a coastline on the Mediterranean Sea. Portugal No
71%
JetPunk sovereign states with at least one national capital (of any type, including de facto) whose name begins with “D.” Qatar Yes
71%
JetPunk sovereign states with a coastline on the Mediterranean Sea. Serbia No
71%
JetPunk sovereign states with at least one national capital (of any type, including de facto) whose name begins with “D.” Tajikistan Yes
71%
JetPunk sovereign states with at least one national capital (of any type, including de facto) whose name begins with “D.” Tanzania Yes
71%
five most populous municipalities in Louisiana (2020). Alexandria No
64%
JetPunk sovereign states where the Russian language does not have an official constitutional status, but is a recognized minority language by virtue of the European Charter for Regional or Minority Languages. Armenia Yes
64%
five most populous cities in Botswana (2022). Francistown Yes
64%
five most populous municipalities in Louisiana (2020). Kenner No
64%
five most populous municipalities in Louisiana (2020). Lafayette Yes
64%
five most populous cities in Botswana (2022). Mochudi No
64%
JetPunk sovereign states with at least one national capital (of any type, including de facto) whose name begins with “D.” Philippines No
64%
JetPunk sovereign states with a coastline on the Arabian Sea. Saudi Arabia No
64%
U.S. states that share a land border with Minnesota. South Dakota Yes
64%
JetPunk sovereign states that share a land border with Argentina. Bolivia Yes
57%
National Historic Landmarks currently located in Kansas. First Baptist Church of Wichita No
57%
U.S. states that share a land border with Minnesota. Illinois No
57%
JetPunk sovereign states with a coastline on the Arabian Sea. India Yes
57%
U.S. states that share a land border with Minnesota. Iowa Yes
57%
JetPunk sovereign states that are members of the Asia Cooperation Dialogue. Iran Yes
57%
U.S. states that share a land border with Minnesota. Montana No
57%
five most populous cities in Botswana (2022). Serowe No
57%
five most populous cities in Botswana (2022). Tlokweng No
57%
JetPunk sovereign states with a coastline on the Arabian Sea. Yemen Yes
57%
JetPunk sovereign states where the Russian language does not have an official constitutional status, but is a recognized minority language by virtue of the European Charter for Regional or Minority Languages. Belarus No
50%
JetPunk sovereign states that are members of the Asia Cooperation Dialogue. Jordan No
50%
JetPunk sovereign states with a coastline on the Arabian Sea. Maldives Yes
50%
five most populous cities in Botswana (2022). Palapye No
50%
five most populous municipalities in Louisiana (2020). Shreveport Yes
50%
JetPunk sovereign states that are members of the Asia Cooperation Dialogue. Yemen No
50%
National Historic Landmarks currently located in Kansas. Hollenberg (Cottonwood) Pony Express Station Yes
43%
JetPunk sovereign states that are members of the Asia Cooperation Dialogue. Kuwait Yes
43%
JetPunk sovereign states with a coastline on the Arabian Sea. Somalia Yes
43%
JetPunk sovereign states that are members of the Asia Cooperation Dialogue. Kazakhstan Yes
36%
U.S. states that share a land border with Minnesota. Michigan No
36%
five most populous cities in Botswana (2022). Molepolole Yes
36%
five most populous municipalities in Louisiana (2020). Monroe No
36%
National Historic Landmarks currently located in Kansas. Old Leavenworth Prison No
36%
JetPunk sovereign states that are members of the Asia Cooperation Dialogue. Syria No
36%
JetPunk sovereign states with a coastline on the Arabian Sea. United Arab Emirates No
36%
JetPunk sovereign states that are members of the Asia Cooperation Dialogue. Iraq No
29%
JetPunk sovereign states that are members of the Asia Cooperation Dialogue. Japan Yes
29%
five most populous cities in Botswana (2022). Maun Yes
29%
five most populous cities in Botswana (2022). Mogoditshane Yes
29%
JetPunk sovereign states where the Russian language does not have an official constitutional status, but is a recognized minority language by virtue of the European Charter for Regional or Minority Languages. Poland Yes
29%
JetPunk sovereign states that are members of the Asia Cooperation Dialogue. South Korea Yes
29%
National Historic Landmarks currently located in Kansas. Topeka City Hall No
29%
five most populous municipalities in Louisiana (2020). Lake Charles Yes
21%
JetPunk sovereign states where the Russian language does not have an official constitutional status, but is a recognized minority language by virtue of the European Charter for Regional or Minority Languages. Romania Yes
21%
National Historic Landmarks currently located in Kansas. Santa Fe Trail Remains Yes
21%
National Historic Landmarks currently located in Kansas. Black Jack Battlefield Yes
14%
JetPunk sovereign states where the Russian language does not have an official constitutional status, but is a recognized minority language by virtue of the European Charter for Regional or Minority Languages. Bulgaria Yes
14%
National Historic Landmarks currently located in Kansas. Carrie A. Nation Home and Museum Yes
14%
JetPunk sovereign states where the Russian language does not have an official constitutional status, but is a recognized minority language by virtue of the European Charter for Regional or Minority Languages. Moldova No
14%
JetPunk sovereign states where the Russian language does not have an official constitutional status, but is a recognized minority language by virtue of the European Charter for Regional or Minority Languages. Ukraine No
14%
JetPunk sovereign states where the Russian language does not have an official constitutional status, but is a recognized minority language by virtue of the European Charter for Regional or Minority Languages. Azerbaijan No
7%
National Historic Landmarks currently located in Kansas. Marais des Cygnes Massacre Site Yes
7%
JetPunk sovereign states where the Russian language does not have an official constitutional status, but is a recognized minority language by virtue of the European Charter for Regional or Minority Languages. Slovakia Yes
7%
No matching quizzes found
Score Distribution
Percent of People with Each Score
Percentile by Number Answered
Your Score History
You have not taken this quiz